Catálogo

Reconciling science and religion : (Registro nro. 57052)

Detalles MARC
000 -LEADER
fixed length control field 00803nam a2200229 a 4500
001 - CONTROL NUMBER
control field 57052
005 - DATE AND TIME OF LATEST TRANSACTION
control field 20180714053113.0
008 - FIXED-LENGTH DATA ELEMENTS--GENERAL INFORMATION
fixed length control field 140415s2001 xxua r 000 0 spa d
020 ## - INTERNATIONAL STANDARD BOOK NUMBER
International Standard Book Number 0-226-06858-7
041 ## - LANGUAGE CODE
Language code of text/sound track or separate title spa
082 0# - DEWEY DECIMAL CLASSIFICATION NUMBER
Classification number 215.0941
Item number BOW
100 1# - MAIN ENTRY--PERSONAL NAME
Personal name Bowler, Peter J.
Relator term autor
245 10 - TITLE STATEMENT
Title Reconciling science and religion :
Remainder of title tne debate in early-twentieth-century britain /
Statement of responsibility, etc. Peter J. Bowler.
250 ## - EDITION STATEMENT
Edition statement 1a ed.
264 ## - PRODUCTION, PUBLICATION, DISTRIBUTION, MANUFACTURE, AND COPYRIGHT NOTICE
Place of production, publication, distribution, manufacture Estados Unidos de América :
Name of producer, publisher, distributor, manufacturer The university of Chigaco press,
Date of production, publication, distribution, manufacture, or copyright notice 2000
300 ## - PHYSICAL DESCRIPTION
Extent xiii, 479 páginas ;
Dimensions 23 cm.
336 ## - CONTENT TYPE
Content type term texto
Source rdacontent
337 ## - MEDIA TYPE
Media type term sin mediación
Source rdamedia
338 ## - CARRIER TYPE
Carrier type term volumen
Source rdacarrier
490 0# - SERIES STATEMENT
Series statement Science and its conceptual foundations
650 #0 - SUBJECT ADDED ENTRY--TOPICAL TERM
Topical term or geographic name entry element Religion y ciencia
Geographic subdivision Gran Bretaña
General subdivision Siglo XX
-- Historia
Existencias
Withdrawn status Lost status Source of classification or shelving scheme Damaged status Not for loan Collection code Home library Current library Shelving location Date acquired Source of acquisition Inventory number Total Checkouts Full call number Barcode Date last seen Price effective from Koha item type
    Dewey Decimal Classification     General Centro de Estudios en Ciencia y Religión Centro de Estudios en Ciencia y Religión Sala general 03/12/2013 Compra 151000000000000000015333   215.0941 BOW 2001 86186 05/01/2026 20/11/2015 Libro